Illumination Entertainment Movie Quiz - Statistics

General Stats
  • This quiz has been taken 362 times
    106 since last reset
  • The average score is 11 of 15
Answer Stats
Release Movie % Correct
2010 Despicable Me
97%
2015 Minions
94%
2013 Despicable Me 2
93%
2017 Despicable Me 3
93%
2022 Minions: The Rise of Gru
93%
2016 Sing
68%
2021 Sing 2
68%
2016 The Secret Life of Pets
65%
2019 The Secret Life of Pets 2
65%
2012 The Lorax
62%
2018 The Grinch who Stole Christmas
58%
2023 The Super Mario Bros. Movie
57%
2011 Hop
52%
2023 Migration
52%
2024 Despicable Me 4
45%
No matching quizzes found
Score Distribution
Percent of People with Each Score
Percentile by Number Answered
Your Score History
You have not taken this quiz since the last reset